Settlements of Norfolk - Statistics

General Stats
  • This quiz has been taken 9 times
  • The average score is 15 of 23
Answer Stats
Population Settlement % Correct
186,682 Norwich
100%
7,949 Cromer
89%
20,651 Dereham
89%
8,285 Fakenham
89%
38,693 Great Yarmouth
89%
46,093 King's Lynn
89%
9,829 Diss
78%
10,884 Downham Market
78%
8,704 Hunstanton
78%
24,833 Thetford
78%
13,587 Wymondham
78%
10,549 Attleborough
67%
6,016 Aylsham
67%
7,367 Sheringham
67%
8,901 Caister-on-Sea
56%
24,741 Gorleston-on-Sea
56%
7,258 Swaffham
56%
8,417 Watton
56%
5,522 Hemsby
44%
12,463 North Walsham
44%
15,631 Taverham
33%
5,520 Hethersett
11%
5,132 Poringland
11%
No matching quizzes found
Score Distribution
Percent of People with Each Score
Percentile by Number Answered
Your Score History
You have not taken this quiz